000 00588nam a22002057a 4500
003 OSt
005 20240603034616.0
008 240603b |||||||| |||| 00| 0 eng d
020 _a0848725905
040 _aDWCL-HMN lib.
_cOC
082 _aCirc. 641.5954 S131i 2001
100 _aSahni, Julie
245 _aSavoring India : recipes and reflections on Indian cooking /
260 _aIndia :
_bOxmoor House,
_cc2001.
300 _a255 pages :
_bcolored photos ;
_c32 cm.
504 _aIncludes index.
650 _a1. Cooking,
700 _aJulie Sahni
942 _2ddc
_cBK-CIRC
_kCirc.
_n0
999 _c88
_d88